00926nam a2200217 a 450000100060000000300090000600800410001502000150005604000280007108200170009910000190011624500290013526000310016430000090019559001370020465000330034194200120037499900170038695201520040395201530055520643CO-ViMGA141112s2004 ck r 000 u spa d a9580400318 aCO-ViMGAbspacCO-ViMGA aR540.03 D1451 aDaintith, Jhon10aDiccionario de química aBogotá : bNorma, c1997 a256p aForma de adquisición : Comprqa fact.0541 - - Precio : 29900 - - Proveedor : Temas y libros - - Fecha de adquisición : Abril 200614aQUIMICA - DICCIONARIOS96528 2ddccBK c11598d11598 00102ddc40708003aMEVIECARbMEVIECARd2015-12-04hVolumen. 1 | 11/jun/2009l0oR540.03 D145 p20643r2015-12-04 00:00:00tEj. 1w2015-12-04yBK 01102ddc41718001aMEVIGACOMbMEVIGACOMd2015-12-04hVolumen. 1 | 11/jun/2009l0oR540.03 D145 p4989r2017-07-18 00:00:00tEj. 1w2015-12-04yBK